What does intelligence excuse?: Chomsky, Epstein, and the ‘necessary illusions’ of the intellectual class (Record no. 533249)
[ view plain ]
| 000 -LEADER | |
|---|---|
| fixed length control field | 01128nam a22001337a 4500 |
| 008 - FIXED-LENGTH DATA ELEMENTS--GENERAL INFORMATION | |
| fixed length control field | 260505b ||||| |||| 00| 0 eng d |
| 100 ## - MAIN ENTRY--PERSONAL NAME | |
| Personal name | Korada, Pavan and Sen, Raj Shekhar |
| 245 ## - TITLE STATEMENT | |
| Title | What does intelligence excuse?: Chomsky, Epstein, and the ‘necessary illusions’ of the intellectual class |
| 260 ## - PUBLICATION, DISTRIBUTION, ETC. (IMPRINT) | |
| Place of publication, distribution, etc | Economic & Political Weekly |
| 300 ## - PHYSICAL DESCRIPTION | |
| Extent | 61(16), Apr 18, 2026: p.13-17 |
| 520 ## - SUMMARY, ETC. | |
| Summary, etc | Noam Chomsky’s repeated ties to Jeffrey Epstein challenge his moral authority. Chomsky’s defence—which relies on legal formalism and a “clean slate”—contradicts his lifelong critique of systemic power. He fails to recognise the political nature of private predation due to a Cartesian rationalism that privileges abstract intellect over embodied suffering. The article proposes a “resource extraction” model for Chomsky’s legacy: retain his analytical tools but reject the intellectual bewitchment shielding the powerful from accountability. –Reproduced https://www.epw.in/journal/2026/16/commentary/what-does-intelligence-excuse.html |
| 773 ## - HOST ITEM ENTRY | |
| Main entry heading | Economic & Political Weekly |
| 942 ## - ADDED ENTRY ELEMENTS (KOHA) | |
| Item type | Articles |
| Withdrawn status | Lost status | Source of classification or shelving scheme | Damaged status | Not for loan | Permanent location | Current location | Date acquired | Serial Enumeration / chronology | Barcode | Date last seen | Koha item type |
|---|---|---|---|---|---|---|---|---|---|---|---|
| Indian Institute of Public Administration | Indian Institute of Public Administration | 2026-05-05 | 61(16), Apr 18, 2026: p.13-17 | AR138761 | 2026-05-05 | Articles |
